• 首页
  • 本馆介绍
  • 公告通知
  • 最新文献
  • 馆藏检索
  • 电子资源
  • 读者导购
  • 参考咨询
  • 我的图书馆
  • 登录
  • 详细信息显示
  • 放入我的书架
  • 预约/预借图书
  • 作者相关作品
  • 分类相关作品
  • 丛书相关作品
  • 出版社相关作品

书目信息

  • 表格格式
  • 工作单格式
  • 卡片格式
题名:
潮州民间筝曲四十首
    
 
作者: 林毛根 演奏 ;李萌 编
分册:  
出版信息: 北京   人民音乐出版社  1992
页数: 90,49页
开本: 26cm
丛书名:
单 册:
中图分类: J648.32
科图分类:
主题词: 器乐曲 , 筝--器乐曲--中国--选集 , 筝
电子资源:
ISBN: 7-103-00941-4
000 00859nam0 2200253 450
001 0193039983
005 20070808183251.25
010    @a7-103-00941-4@dCNY13.30
100    @a20050926e20011992em y0chiy0110 ea
101 0  @achi
102    @aCN@b110000
105    @ag z 000yy
200 1  @a潮州民间筝曲四十首@9chao zhou min jian zheng qu si shi shou@f林毛根演奏@g李萌编
210    @a北京@c人民音乐出版社@d1992@h2001重印
215    @a90,49页@d26cm
330    @a本书收录了潮州筝艺大师林毛根的演奏曲40首,包括潮州民间十大套曲,如:《寒鸦戏水》、《月儿高》、《小桃花》等,还附录了潮乐固有的“二四谱”和“工尺谱”的传统谱式。
606 0  @a器乐曲
606 0  @a筝@x器乐曲@y中国@j选集
606 0  @a筝
690    @aJ648.32@v4
701  0 @a林毛根@9lin mao gen@4演奏
702  0 @a李萌@9li meng@4编
801  0 @aCN@bNLC@c20070808
905    @a10447@dJ648.32@e159
    
    潮州民间筝曲四十首/林毛根演奏/李萌编.-北京:人民音乐出版社,1992(2001重印)
    90,49页;26cm
    
    
    ISBN 7-103-00941-4:CNY13.30
    本书收录了潮州筝艺大师林毛根的演奏曲40首,包括潮州民间十大套曲,如:《寒鸦戏水》、《月儿高》、《小桃花》等,还附录了潮乐固有的“二四谱”和“工尺谱”的传统谱式。
●
相关链接 在E读中查询图书 在五车中查询图书 在当当中查询图书 在豆瓣中查询图书


正题名:潮州民间筝曲四十首     索取号:J648.32/159         预约/预借

序号 登录号 条形码 馆藏地/架位号 状态 备注
1 0809890   208098903   第一样本阅览室/ [索取号:J648.32/159] 在馆    
2 0809891   208098912   第一借阅区/ [索取号:J648.32/159] 在馆    
3 0809892   208098921   第一借阅区/ [索取号:J648.32/159] 在馆    
4 0809893   208098930   第一借阅区/ [索取号:J648.32/159] 在馆    
5 0809894   208098949   第一借阅区/ [索取号:J648.32/159] 在馆    
6 0809895   208098958   第一借阅区/ [索取号:J648.32/159] 在馆    
7 0809896   208098967   第一借阅区/ [索取号:J648.32/159] 在馆    
8 0809989   208099895   密集书库-音乐系/ [索取号:J648.32/159] 在馆    
9 0809990   208099902   密集书库-音乐系/ [索取号:J648.32/159] 在馆    
10 0809991   208099911   密集书库-音乐系/ [索取号:J648.32/159] 在馆    
唐山师范学院图书馆 欢迎您!
大连网信软件有限公司© 版权所有